Catálogo
 En Linea

La artesania del sur del Peru, / (Registro nro. 11811)

Detalles MARC
000 -CABECERA
campo de control de longitud fija 00844cam a22002651 4500
001 - NÚMERO DE CONTROL
campo de control 000012146
005 - FECHA Y HORA DE LA ÚLTIMA TRANSACCIÓN
campo de control 20200929162720.0
008 - DATOS DE LONGITUD FIJA--INFORMACIÓN GENERAL
campo de control de longitud fija 720419s1968 mx ak 000 0 spa
010 ## - NÚMERO DE CONTROL DE LA BIBLIOTECA DEL CONGRESO
Número de control de LC 68121878
025 ## - NÚMERO DE ADQUISICIÓN EXTRANJERO
Número de adquisición extranjero LACAP68-4551
035 ## - NÚMERO DE CONTROL DEL SISTEMA
Número de control de sistema (OCoLC)288169
040 ## - FUENTE DE LA CATALOGACIÓN
Centro catalogador/agencia de origen DO-SdBNP
Centro/agencia transcriptor OCU
Centro/agencia modificador OCoLC
-- DLC
042 ## - CÓDIGO DE AUTENTICACIÓN
Código de autenticación premarc
050 00 - SIGNATURA TOPOGRÁFICA DE LA BIBLIOTECA DEL CONGRESO
Número de clasificación HD2346.P4
Número de documento/Ítem E2
100 1# - ENTRADA PRINCIPAL--NOMBRE DE PERSONA
Nombre de persona Ebersole, Robert P.
9 (RLIN) 28706
245 13 - MENCIÓN DE TÍTULO
Título La artesania del sur del Peru, /
Mención de responsabilidad, etc. por Robert P. Ebersole.
250 ## - MENCIÓN DE EDICIÓN
Mención de edición [1. ed.]
260 ## - PUBLICACIÓN, DISTRIBUCIÓN, ETC.
Lugar de publicación, distribución, etc. Mexico,
Fecha de publicación, distribución, etc. 1968.
300 ## - DESCRIPCIÓN FÍSICA
Extensión xi, 150 p. :
Otras características físicas illus., forms. ;
Dimensiones 19 cm.
490 1# - MENCIÓN DE SERIE
Mención de serie Instituto Indigenista Interamericano. Serie: Antropologia social,
Designación de volumen o secuencia 9
650 #0 - PUNTO DE ACCESO ADICIONAL DE MATERIA--TÉRMINO DE MATERIA
Término de materia o nombre geográfico como elemento de entrada Artisans
Subdivisión geográfica Peru.
9 (RLIN) 28707
810 2# - PUNTO DE ACCESO ADICIONAL DE SERIE--NOMBRE DE ENTIDAD CORPORATIVA
Nombre de entidad corporativa o nombre de jurisdicción como elemento de entrada Inter-American Indian Institute.
Título de la obra Serie antropologia social ;
Designación de volumen o secuencia 9.
9 (RLIN) 28708
910 ## - DATOS DE OPCIÓN DEL USUARIO (OCLC)
Datos de opción del usuario Catalogación por copia / LC
910 ## - DATOS DE OPCIÓN DEL USUARIO (OCLC)
Datos de opción del usuario DC
Existencias
Estado de retiro Estado de pérdida Restricciones de uso No para préstamo Código de colección Localización permanente Ubicación/localización actual Ubicación en estantería Fecha de adquisición Número de inventario Total de préstamos Signatura topográfica completa Código de barras Fecha visto por última vez Precio válido a partir de Tipo de ítem Koha
    Préstamo interno   Monografías: Libros y Folletos General General En catalogación 05.11.2009 LF1   12146-10 25.06.2020 25.06.2020 Préstamo interno

Con tecnología Koha